[Event "40th Bosna Open"]
[Site "Sarajevo BIH"]
[Date "2010.05.11"]
[Round "7"]
[White "Berczes,D"]
[Black "Kovacevic,A"]
[Result "0-1"]
[WhiteElo "2519"]
[BlackElo "2573"]
[EventDate "2010.05.05"]

1. d4 Nf6 2. c4 e6 3. Nf3 c5 4. d5 d6 5. Nc3 exd5 6. cxd5 g6 7. Nd2 Nbd7 8.
e4 Bg7 9. Be2 O-O 10. O-O Re8 11. a4 Ne5 12. Ndb1 a6 13. f4 Ned7 14. Nd2 c4
15. Kh1 Nc5 16. e5 dxe5 17. fxe5 Rxe5 18. Nxc4 Rf5 19. Bf4 Ne8 20. Ne3 Rxf4
21. Rxf4 Be5 22. Rc4 b6 23. a5 Nd6 24. axb6 Qxb6 25. Qg1 Bd7 26. Rb1 Nb3
27. Ne4 Nxc4 28. Nxc4 Qxg1+ 29. Rxg1 Bd4 30. Rd1 Rb8 31. h3 Bg7 32. Bf1 a5
33. Ned2 a4 34. Nxb3 axb3 35. d6 Bf6 36. Be2 Rb4 37. Rd5 Be6 38. Rc5 Ra4
39. Ra5 Ra2 40. Rb5 Ra4 41. Ra5 Rb4 42. Rc5 Kg7 43. Kh2 Ra4 44. Rc7 Ra2 45.
d7 Rxb2 46. Nxb2 Be5+ 47. Kg1 Bxc7 48. Bb5 Kf6 49. Nd3 Ke7 50. Kf1 Bb6 51.
Ba4 Bd4 52. Nb4 Bc4+ 53. Ke1 Bc3+ 0-1

[Event "40th Bosna Open"]
[Site "Sarajevo BIH"]
[Date "2010.05.11"]
[Round "7"]
[White "Sokolov,Ivan"]
[Black "Nikcevic,N"]
[Result "1-0"]
[WhiteElo "2654"]
[BlackElo "2387"]
[EventDate "2010.05.05"]

1. d4 Nf6 2. c4 e6 3. Nc3 Bb4 4. e3 O-O 5. Nge2 d5 6. a3 Be7 7. cxd5 exd5
8. Nf4 c6 9. Bd3 Re8 10. O-O Nbd7 11. f3 Nf8 12. b4 Ne6 13. Nfe2 b6 14. Rb1
a5 15. bxa5 Rxa5 16. a4 Bd6 17. Kh1 c5 18. Bb5 Re7 19. dxc5 Bxc5 20. Nd4
Bb7 21. Nce2 Ra8 22. Qd3 Rc7 23. Bb2 Bf8 24. Ba1 Nc5 25. Qd1 Ne8 26. Nf5
Ba6 27. Be5 Rcc8 28. Nc3 Qg5 29. g4 Bxb5 30. axb5 Rd8 31. Nxd5 Rd7 32. e4
g6 33. Rg1 Qd8 34. Nd4 Ra2 35. Nc6 Qh4 36. Rb2 Rxb2 37. Bxb2 Ne6 38. Be5
N6c7 39. Bg3 Qh3 40. Ne5 Rxd5 41. exd5 Nxb5 42. Nd7 h5 43. Nxf8 1-0

[Event "40th Bosna Open"]
[Site "Sarajevo BIH"]
[Date "2010.05.11"]
[Round "7"]
[White "Efimenko,Z"]
[Black "Bosiocic,Mari"]
[Result "1-0"]
[WhiteElo "2677"]
[BlackElo "2562"]
[EventDate "2010.05.05"]

1. d4 Nf6 2. c4 g6 3. g3 d5 4. cxd5 Nxd5 5. Bg2 Bg7 6. Nf3 Nb6 7. Nc3 Nc6
8. e3 O-O 9. O-O Re8 10. Re1 e5 11. d5 Na5 12. e4 c6 13. b3 Bg4 14. Ba3
cxd5 15. exd5 f5 16. Bb4 Nd7 17. Qd2 Bxf3 18. Bxf3 e4 19. Be2 b6 20. Rac1
Nb7 21. d6 Nbc5 22. Nd5 Kh8 23. Nc7 e3 24. fxe3 Ne4 25. Qd1 a5 26. Nxe8
Qxe8 27. Ba3 Rd8 28. Bb5 Nc3 29. Bxd7 Qxd7 30. Qd2 Ne4 31. Qd3 Qb7 32. Rc7
Qb8 33. Rec1 1-0

[Event "40th Bosna Open"]
[Site "Sarajevo BIH"]
[Date "2010.05.11"]
[Round "7"]
[White "Mamedov,Rau"]
[Black "Prohaszka,P2"]
[Result "1-0"]
[WhiteElo "2653"]
[BlackElo "2510"]
[EventDate "2010.05.05"]

1. e4 c6 2. Ne2 d5 3. e5 c5 4. d4 Nc6 5. c3 cxd4 6. cxd4 Bf5 7. Nbc3 e6 8.
Ng3 Bg6 9. h4 h5 10. Be3 Qb6 11. Qd2 Nh6 12. Be2 Nf5 13. Nxf5 Bxf5 14. Rc1
Be7 15. Na4 Qb4 16. Nc5 Bxc5 17. Rxc5 Qxd2+ 18. Kxd2 Kd7 19. b4 Bg6 20.
Rhc1 Rhc8 21. a3 a6 22. g4 hxg4 23. Bxg4 Ne7 24. h5 Be4 25. Bg5 b6 26. Bxe7
bxc5 27. Bxc5 g6 28. hxg6 Bxg6 29. Be2 Rh8 30. a4 Rh2 31. Ke3 Rh3+ 32. f3
Rh2 33. Bd6 Rc8 34. Bc5 Ra8 35. b5 Rxe2+ 36. Kxe2 axb5 37. axb5 Ra2+ 38.
Ke3 Rb2 39. b6 Rb3+ 40. Kf4 Kc6 41. Ra1 Bh5 42. Ra7 Kb5 43. Kg5 Bg6 44. f4
Rb1 45. Kf6 Kc6 46. Ke7 Rxb6 47. Bxb6 Kxb6 48. Ra3 Kb5 49. Rc3 Kb4 50. Rc5
Kb3 51. Kf6 Kb4 52. Rc6 Kb5 53. Rxe6 Kc4 54. Rc6+ Kxd4 55. f5 Bh5 56. e6
fxe6 57. fxe6 Ke3 58. e7 d4 59. Rc8 d3 60. Rh8 1-0

[Event "40th Bosna Open"]
[Site "Sarajevo BIH"]
[Date "2010.05.11"]
[Round "7"]
[White "Jankovic,A"]
[Black "Ivanisevic,I"]
[Result "1-0"]
[WhiteElo "2559"]
[BlackElo "2630"]
[EventDate "2010.05.05"]

1. d4 Nf6 2. c4 g6 3. Nc3 Bg7 4. e4 d6 5. Nf3 O-O 6. Be2 e5 7. O-O Nc6 8.
d5 Ne7 9. Ne1 Nd7 10. Nd3 f5 11. Bd2 Nb6 12. b3 fxe4 13. Nxe4 Bf5 14. f3 c6
15. dxc6 Bxe4 16. fxe4 Nxc6 17. Bg4 h5 18. Be6+ Kh7 19. Rxf8 Qxf8 20. Nf2
Nd4 21. Bd5 Nxd5 22. exd5 Qf5 23. Rc1 e4 24. Be3 Qe5 25. Qd2 Nf5 26. Re1
Re8 27. Nh3 Nxe3 28. Qxe3 Bh6 29. Qxa7 e3 30. Kh1 e2 31. Ng1 Be3 32. Qxb7+
Re7 33. Nf3 Qf6 34. Qb4 Bf2 35. h3 Qf4 36. Qc3 Qg3 37. Qf6 Re4 38. Rxe2
Rxe2 39. Ng5+ Qxg5 40. Qxg5 h4 41. g4 hxg3 42. Qg4 Rxa2 43. b4 Rb2 44. c5
dxc5 45. d6 Bd4 46. Qh4+ Kg7 47. Qxd4+ cxd4 48. d7 d3 49. d8=Q d2 50. Qd3
Kh7 51. b5 Rxb5 52. Qxd2 Rf5 53. Qd7+ Kg8 54. Kg2 Rf7 55. Qd4 Rf5 56. h4
Kh7 57. Qd7+ Kg8 58. Qe8+ Kg7 59. Qe7+ Kg8 60. h5 Rxh5 61. Qf6 Kh7 62. Qf7+
Kh6 63. Qg8 Kg5 64. Kxg3 Kf6 65. Qf8+ Ke6 66. Qg7 Rg5+ 67. Kf4 1-0

[Event "40th Bosna Open"]
[Site "Sarajevo BIH"]
[Date "2010.05.11"]
[Round "7"]
[White "Predojevic,B"]
[Black "Bindrich,F"]
[Result "1-0"]
[WhiteElo "2628"]
[BlackElo "2539"]
[EventDate "2010.05.05"]

1. e4 c5 2. Nf3 d6 3. d4 cxd4 4. Nxd4 Nf6 5. Nc3 a6 6. h3 e5 7. Nde2 h5 8.
Bg5 Be7 9. Bxf6 Bxf6 10. Nd5 Bg5 11. Nec3 Nc6 12. Na4 Be6 13. Nab6 Rb8 14.
Be2 g6 15. a4 O-O 16. O-O f5 17. exf5 Bxf5 18. a5 Bh6 19. Ra4 e4 20. Nc3 e3
21. f4 Qh4 22. Rf3 Rbe8 23. Nbd5 Bc8 24. Ne4 Ne7 25. Ndf6+ Kh8 26. Nxe8
Rxe8 27. Nxd6 Rf8 28. Qd4+ Bg7 29. Qxe3 Bxb2 30. Nxc8 Rxc8 31. Rc4 Rd8 32.
c3 Nf5 33. Qe5+ Kh7 34. Bd3 Ne7 35. g3 1-0

[Event "40th Bosna Open"]
[Site "Sarajevo BIH"]
[Date "2010.05.11"]
[Round "7"]
[White "Damljanovic,B"]
[Black "Mamedov,Nid"]
[Result "1-0"]
[WhiteElo "2539"]
[BlackElo "2614"]
[EventDate "2010.05.05"]

1. d4 Nf6 2. c4 g6 3. Nc3 Bg7 4. e4 d6 5. Nf3 O-O 6. Be2 e5 7. Be3 c6 8. d5
Ng4 9. Bg5 f6 10. Bh4 c5 11. Nd2 h5 12. Nf1 Nh6 13. f3 Nf7 14. Bd3 Na6 15.
a3 Bh6 16. Qc2 Kg7 17. Bf2 Bd7 18. h4 Qe7 19. Ng3 b6 20. Ke2 Kg8 21. Rag1
f5 22. Kd1 f4 23. Nge2 Kh7 24. Kd2 Rfc8 25. Rb1 Bg7 26. Qd1 Rab8 27. Bc2
Nc7 28. Ba4 Bf6 29. b4 Na6 30. Bc6 Rg8 31. Qa4 Bxc6 32. dxc6 Nc7 33. Nd5
Nxd5 34. cxd5 Nh6 35. Nc3 1-0

[Event "40th Bosna Open"]
[Site "Sarajevo BIH"]
[Date "2010.05.11"]
[Round "7"]
[White "Godena,M"]
[Black "Lenic,L"]
[Result "1/2-1/2"]
[WhiteElo "2554"]
[BlackElo "2592"]
[EventDate "2010.05.05"]

1. e4 Nf6 2. e5 Nd5 3. d4 d6 4. Nf3 Nb6 5. Nc3 Bf5 6. Bb5+ c6 7. Bd3 Bxd3
8. Qxd3 dxe5 9. Nxe5 N8d7 10. Bf4 Nxe5 11. Bxe5 Nd7 12. O-O-O e6 13. Qg3 h6
14. h4 Nf6 15. Rhe1 Nd5 16. Ne4 Qa5 17. Kb1 O-O-O 18. Bd6 Nf6 19. Bxf8 Nxe4
20. Rxe4 Rhxf8 21. Qxg7 Qf5 22. Re2 Rg8 23. Qxh6 Rxg2 24. a3 Rg4 25. Red2
Rf4 26. Qg5 Qxg5 27. hxg5 Rg4 28. Rd3 Rxg5 29. Rf3 Rd7 30. Kc1 Rgd5 31.
Rdd3 Kd8 32. b4 b6 33. Kb2 Ke7 34. Rf4 Rh5 35. Rdf3 f5 36. Rg3 Kf6 37. Rg8
Rh3 38. Rg3 Rh2 39. Kc3 Rd8 40. a4 Rh1 41. Rff3 Rh4 42. Rd3 Rdh8 43. Rg2
Rd8 44. Rg1 a5 45. bxa5 bxa5 46. Kc4 Rf4 47. Rg2 Rd5 48. c3 c5 49. Rh2 cxd4
50. cxd4 Rg4 51. Rh6+ Ke7 52. f3 Rg8 53. Rb3 Rc8+ 54. Kd3 Rcd8 55. Rb7+ Kd6
56. Rhh7 Kc6 57. Rhc7+ Kd6 58. f4 Rb8 59. Rd7+ Kc6 60. Rdc7+ Kd6 61. Rd7+
Kc6 62. Rxd5 Rxb7 63. Rxa5 Rb1 64. Re5 Kd6 65. d5 exd5 66. Rxf5 Kc5 67. Rf8
Rb3+ 68. Kc2 Ra3 69. f5 1/2-1/2

[Event "40th Bosna Open"]
[Site "Sarajevo BIH"]
[Date "2010.05.11"]
[Round "7"]
[White "Fier,A"]
[Black "Durarbeyli,V"]
[Result "0-1"]
[WhiteElo "2581"]
[BlackElo "2487"]
[EventDate "2010.05.05"]

1. d4 d5 2. c4 c6 3. Nf3 Nf6 4. Nc3 e6 5. Bg5 h6 6. Bh4 dxc4 7. e4 g5 8.
Bg3 b5 9. Be2 Bb7 10. O-O Nbd7 11. Nd2 h5 12. h3 g4 13. e5 Nd5 14. hxg4 h4
15. Bh2 h3 16. Bf3 Qb6 17. Nde4 O-O-O 18. a4 hxg2 19. Bxg2 Rxh2 20. Kxh2
Nf4 21. a5 Qc7 22. Qf3 Nxg2 23. Kxg2 b4 24. a6 Ba8 25. Nd6+ Bxd6 26. exd6
Qxd6 27. Ne4 Qd5 28. Nc5 Nxc5 29. dxc5 Rg8 30. Qxd5 cxd5 31. Kg3 e5 32.
Rfe1 Re8 33. Kh4 Kd7 34. Kg5 Ke6 35. Rad1 Rh8 36. f4 e4 37. b3 c3 38. Rd4
Bc6 39. Rxb4 Be8 40. f5+ Ke5 41. f6 d4 42. Rb7 Rg8+ 43. Kh6 d3 44. Rf1 Rg6+
45. Kh7 Rxf6 46. Re7+ Re6 47. Rxa7 e3 48. Ra8 e2 49. Re1 Bc6 50. Rd8 Be4+
0-1

[Event "40th Bosna Open"]
[Site "Sarajevo BIH"]
[Date "2010.05.11"]
[Round "7"]
[White "Stojanovic,Da"]
[Black "Dizdarevic,E"]
[Result "1/2-1/2"]
[WhiteElo "2481"]
[BlackElo "2498"]
[EventDate "2010.05.05"]

1. e4 e6 2. d4 d5 3. Nc3 Bb4 4. e5 Ne7 5. Bd2 O-O 6. Bd3 c5 7. Nf3 h6 8.
dxc5 Nd7 9. a3 Bxc3 10. Bxc3 Nxc5 11. O-O b6 12. Bd4 a5 13. b4 Nxd3 14.
cxd3 Bd7 15. Qd2 axb4 16. Qxb4 b5 17. Bc5 Re8 18. Rfc1 Ra4 19. Qb2 Nc6 20.
Rc2 Qa5 21. Rb1 Qa6 22. Qc3 Rc8 23. Qd2 Qa5 24. Bb4 Nxb4 25. Rxc8+ Bxc8 26.
axb4 Qa7 27. Rc1 Bd7 28. h3 Ra2 29. Rc2 Ra3 30. Kh2 d4 31. Rc5 Rc3 32. Rxc3
dxc3 33. Qxc3 Qxf2 34. Qc7 Be8 35. Qd8 Kf8 36. Qd6+ Kg8 37. Qd8 Kf8 38.
Qd6+ 1/2-1/2

[Event "40th Bosna Open"]
[Site "Sarajevo BIH"]
[Date "2010.05.11"]
[Round "7"]
[White "Petrosian,DG"]
[Black "Grandelius,N"]
[Result "0-1"]
[WhiteElo "2490"]
[BlackElo "2476"]
[EventDate "2010.05.05"]

1. e4 e5 2. Nf3 Nc6 3. d4 exd4 4. Nxd4 Nf6 5. Nxc6 bxc6 6. e5 Qe7 7. Qe2
Nd5 8. c4 Ba6 9. Nd2 g6 10. b3 Bg7 11. Bb2 Nb4 12. Nf3 c5 13. g3 O-O 14.
Bg2 d5 15. a3 Nc6 16. O-O Rab8 17. Nd2 Rfd8 18. f4 Na5 19. f5 gxf5 20. Rxf5
Nxb3 21. Raf1 Nxd2 22. Rxf7 Qg5 23. R1f5 Qh6 24. Qg4 Rxb2 25. Rf8+ Rxf8 26.
Bxd5+ Rf7 27. Rxf7 Qxh2+ 0-1

[Event "40th Bosna Open"]
[Site "Sarajevo BIH"]
[Date "2010.05.11"]
[Round "7"]
[White "Manik,M"]
[Black "Krivoborodov,E"]
[Result "1/2-1/2"]
[WhiteElo "2440"]
[BlackElo "2490"]
[EventDate "2010.05.05"]

1. e4 c6 2. d4 d5 3. e5 Bf5 4. Nf3 e6 5. Be2 c5 6. Be3 cxd4 7. Nxd4 Ne7 8.
Na3 a6 9. c4 Nbc6 10. O-O Nxd4 11. Qxd4 Nc6 12. Qf4 d4 13. Rfd1 Bc5 14. Bf3
Qb6 15. Bxc6+ Qxc6 16. Bxd4 Bxa3 17. bxa3 O-O 18. Be3 1/2-1/2

[Event "40th Bosna Open"]
[Site "Sarajevo BIH"]
[Date "2010.05.11"]
[Round "7"]
[White "Vuckovic,Bo"]
[Black "D'Amore,C"]
[Result "1/2-1/2"]
[WhiteElo "2640"]
[BlackElo "2484"]
[EventDate "2010.05.05"]

1. e4 e5 2. Nf3 Nc6 3. Bb5 Nf6 4. d3 Bc5 5. c3 O-O 6. O-O d6 7. Nbd2 a6 8.
Ba4 Ba7 9. h3 Ne7 10. Re1 b5 11. Bc2 Ng6 12. Nf1 h6 13. Ng3 c5 14. a4 Qc7
15. Be3 d5 16. axb5 d4 17. cxd4 exd4 18. b6 Bxb6 19. Bd2 c4 20. dxc4 d3 21.
Bxd3 Qxg3 22. Be3 Bxe3 23. Rxe3 Qb8 24. e5 Nh5 25. Nd4 Nhf4 26. Be4 Rd8 27.
Qf3 Qxb2 28. Rae1 Qxd4 29. Bxa8 Be6 30. Be4 Qxc4 31. h4 h5 32. Bxg6 Nxg6
33. Re4 Rd4 34. Rxd4 Qxd4 35. Qxh5 Qxh4 36. Qxh4 Nxh4 37. Ra1 Ng6 38. Rxa6
Nxe5 39. f3 g5 40. Ra5 f6 41. Ra7 Bf7 42. Kf2 Kg7 43. Rc7 Kg6 44. Kg3 Nd3
45. Ra7 Nf4 46. Ra5 Be6 47. Kf2 f5 48. Kg3 Kf6 49. Kf2 Nd3+ 50. Ke3 Nb4 51.
Kf2 Nd5 52. Ra7 Nf4 53. Ra5 Bc4 54. Ra4 Bd5 55. Ra7 Ke5 56. Rg7 Ne6 57. Rg8
Kf6 58. Rb8 f4 59. Rb5 Ke5 60. Ra5 Nd4 61. Ra6 Nc2 62. Rg6 Kf5 63. Rd6 Be6
64. Ra6 Ne3 65. Ra5+ Bd5 66. Rc5 Ke5 67. Ra5 g4 68. fxg4 Nxg4+ 69. Ke2 Nf6
70. Rxd5+ Kxd5 71. Kf3 Ke5 72. g3 1/2-1/2

[Event "40th Bosna Open"]
[Site "Sarajevo BIH"]
[Date "2010.05.12"]
[Round "8"]
[White "Wang Hao"]
[Black "Timofeev,Arty"]
[Result "1-0"]
[WhiteElo "2722"]
[BlackElo "2677"]
[EventDate "2010.05.05"]

1. e4 c5 2. Nf3 e6 3. d4 cxd4 4. Nxd4 Nf6 5. Nc3 Nc6 6. Ndb5 d6 7. Bf4 e5
8. Bg5 a6 9. Na3 b5 10. Bxf6 gxf6 11. Nd5 f5 12. Bd3 Be6 13. c3 Bg7 14.
Nxb5 axb5 15. Bxb5 Bd7 16. exf5 O-O 17. O-O e4 18. Re1 Re8 19. a4 Ra7 20.
Qg4 Kh8 21. Rad1 Re5 22. Ne3 Qc7 23. Qf4 Bf8 24. Qh4 Qd8 25. Qg3 Rc5 26.
Nd5 Ne7 27. Nf6 Bxb5 28. axb5 Rxb5 29. Qh4 h6 30. Nxe4 Nc6 31. Qxd8 Nxd8
32. Nxd6 Bxd6 33. Rxd6 Nb7 34. Rd7 Kg7 35. g4 Ra6 36. Ree7 Nd6 37. Re6 Rd5
38. Kg2 Rd2 39. Rg6+ Kf8 40. Rxh6 Ke8 41. Rc7 Kf8 42. f6 Kg8 43. Rc5 Rxf2+
44. Kh3 1-0

[Event "40th Bosna Open"]
[Site "Sarajevo BIH"]
[Date "2010.05.12"]
[Round "8"]
[White "Sandipan,C"]
[Black "Gustafsson,J"]
[Result "1/2-1/2"]
[WhiteElo "2640"]
[BlackElo "2640"]
[EventDate "2010.05.05"]

1. d4 Nf6 2. c4 e6 3. Nc3 Bb4 4. g3 O-O 5. Bg2 d5 6. Nf3 dxc4 7. O-O Nc6 8.
Rb1 Rb8 9. a3 Be7 10. Qa4 Nxd4 11. Nxd4 Qxd4 12. Be3 Qe5 13. Qxa7 Bd7 14.
Rfd1 Qh5 15. Bxb7 Bd6 16. Bf3 Qg6 17. Qd4 e5 18. Qxc4 Be6 19. Qc6 1/2-1/2

[Event "40th Bosna Open"]
[Site "Sarajevo BIH"]
[Date "2010.05.12"]
[Round "8"]
[White "Geetha,Narayanan Gopal"]
[Black "Efimenko,Z"]
[Result "0-1"]
[WhiteElo "2604"]
[BlackElo "2677"]
[EventDate "2010.05.05"]

1. e4 e5 2. Nf3 Nc6 3. Bb5 Nf6 4. O-O Nxe4 5. d4 Nd6 6. Bxc6 dxc6 7. dxe5
Nf5 8. Qxd8+ Kxd8 9. Nc3 h6 10. h3 Bd7 11. b3 Kc8 12. Bb2 Ne7 13. Rad1 c5
14. Rd2 b6 15. Rfd1 Be6 16. Ne2 Ng6 17. h4 Be7 18. h5 Nf8 19. Nh2 a5 20.
Nf4 a4 21. g3 axb3 22. axb3 c4 23. Nxe6 Nxe6 24. bxc4 Ra2 25. Ra1 Rxa1+ 26.
Bxa1 Kb7 27. Rd7 Bb4 28. Nf3 Rf8 29. Bb2 Kc6 30. Rd5 Ra8 31. Nd4+ Kb7 32.
Rd7 Bc5 33. Nxe6 fxe6 34. Rd3 Ra4 35. Kf1 Rxc4 36. Rd2 b5 37. c3 Kc6 38.
Ke2 Re4+ 39. Kd1 Rxe5 40. c4 Rxh5 41. cxb5+ Kxb5 42. Bxg7 Rh1+ 43. Kc2 h5
44. Bd4 Bb4 45. Bc3 c5 46. Re2 Rh2 47. Bxb4 Kxb4 48. Kd3 c4+ 49. Kc2 Rg2
50. Kb2 e5 51. Kc2 e4 52. Kb2 e3 53. Rxe3 Rxf2+ 54. Kc1 Rg2 55. Rf3 Rh2 56.
Re3 Rh3 57. Re5 Kb3 58. Rb5+ Kc3 59. Kb1 Rh1+ 60. Ka2 Kc2 61. Rc5 c3 62.
Ka3 Ra1+ 63. Kb4 Rb1+ 64. Kc4 Rb8 65. Rxh5 Kb2 66. Rh2+ c2 67. Kd4 Rg8 68.
Rg2 Kb1 69. Rg1+ c1=Q 70. Rxc1+ Kxc1 71. Ke4 Rxg3 0-1

[Event "40th Bosna Open"]
[Site "Sarajevo BIH"]
[Date "2010.05.12"]
[Round "8"]
[White "Jankovic,A"]
[Black "Mamedov,Rau"]
[Result "1/2-1/2"]
[WhiteElo "2559"]
[BlackElo "2653"]
[EventDate "2010.05.05"]

1. d4 d6 2. Nf3 g6 3. c4 Bg7 4. Nc3 Nf6 5. e4 O-O 6. Be2 c5 7. d5 e6 8. O-O
exd5 9. cxd5 Bg4 10. Bf4 a6 11. h3 Bxf3 12. Bxf3 Ne8 13. Qd2 Nd7 14. Be2 b5
15. a4 b4 16. Nd1 Nef6 17. Bf3 Re8 18. Qc2 Qe7 19. Ne3 Ne5 20. Bxe5 Qxe5
21. Nc4 Qf4 22. Rae1 Nd7 23. Bd1 Rab8 24. g3 Qf6 25. b3 Ne5 26. Ne3 h5 27.
f4 Nd7 28. Kg2 h4 29. g4 Qc3 30. g5 Bd4 31. Qxc3 Bxc3 32. Nc4 Bxe1 33. Rxe1
Nb6 34. Nxd6 Red8 35. e5 Nxd5 36. Kf3 Nc7 37. Be2 Ne6 38. Bc4 Rb6 39. Kg4
a5 40. Re4 Rbxd6 41. exd6 Rxd6 42. Re5 Kf8 43. Kxh4 Nxf4 44. Rxc5 Ng2+ 45.
Kg3 Ne3 46. Be2 Nf5+ 47. Kf4 Rd2 48. Bc4 Rf2+ 49. Ke5 Ne3 50. Kd4 Nxc4 51.
Kxc4 Rc2+ 52. Kb5 Rc3 53. Re5 Rxh3 54. Kxa5 Rxb3 55. Kb6 Ra3 56. a5 f6 57.
gxf6 Kf7 58. a6 Kxf6 59. Rb5 b3 60. a7 g5 61. Kb7 g4 62. a8=Q Rxa8 63. Kxa8
b2 64. Kb7 g3 65. Rxb2 Ke5 66. Kc6 Ke4 67. Kd6 Kf3 68. Rb3+ Kf2 69. Ke5 g2
70. Rb2+ Kg3 71. Rxg2+ Kxg2 1/2-1/2

[Event "40th Bosna Open"]
[Site "Sarajevo BIH"]
[Date "2010.05.12"]
[Round "8"]
[White "Grandelius,N"]
[Black "Stefansson,H"]
[Result "1/2-1/2"]
[WhiteElo "2476"]
[BlackElo "2588"]
[EventDate "2010.05.05"]

1. d4 d5 2. c4 c6 3. Nf3 Nf6 4. e3 Bf5 5. Nc3 e6 6. Nh4 Be4 7. f3 Bg6 8.
Qb3 Qc7 9. Bd2 Be7 10. g3 Nbd7 11. cxd5 exd5 12. Nxg6 hxg6 13. e4 Nb6 14.
a4 a5 15. Rc1 Qd8 16. exd5 Nfxd5 17. Nxd5 Nxd5 18. Bc4 O-O 19. Bxd5 Qxd5
20. Qxd5 cxd5 21. Ke2 b5 22. axb5 Rfb8 23. Rc7 Bf8 24. Kd3 Rxb5 25. Bc3 a4
26. Ra1 Bb4 27. Ra2 g5 28. Bxb4 Rxb4 29. Rc5 Rb3+ 30. Rc3 Rb4 31. Rc5 Rb3+
1/2-1/2

[Event "40th Bosna Open"]
[Site "Sarajevo BIH"]
[Date "2010.05.12"]
[Round "8"]
[White "Nevednichy,V"]
[Black "Durarbeyli,V"]
[Result "1-0"]
[WhiteElo "2560"]
[BlackElo "2487"]
[EventDate "2010.05.05"]

1. e4 c5 2. Nc3 Nc6 3. Bb5 Nd4 4. Bc4 g6 5. Nf3 Bg7 6. Nxd4 cxd4 7. Qf3 Nh6
8. Ne2 O-O 9. d3 Ng4 10. Bb3 d6 11. h3 Ne5 12. Qg3 a5 13. a4 Nd7 14. h4 Nc5
15. Ba2 Be6 16. Bxe6 Nxe6 17. h5 Qc8 18. hxg6 fxg6 19. Qh3 Kf7 20. Kd1 Qc5
21. Bd2 Rac8 22. Rc1 d5 23. e5 Bxe5 24. f4 Bf6 25. Qxh7+ Ng7 26. Rh6 Ke6
27. Qxg6 Kd7 28. Rh7 Rh8 29. Qg4+ Ne6 30. Rxh8 Rxh8 31. Ng3 Rh4 32. Qf3 Kc6
33. Nf1 Qd6 34. g3 Rh8 35. Bxa5 Nc5 36. c4 Nxa4 37. Rc2 Ra8 38. Bd2 Nc5 39.
g4 Ra1+ 40. Rc1 1-0

[Event "40th Bosna Open"]
[Site "Sarajevo BIH"]
[Date "2010.05.12"]
[Round "8"]
[White "Berg,E"]
[Black "Nisipeanu,LD"]
[Result "1/2-1/2"]
[WhiteElo "2616"]
[BlackElo "2672"]
[EventDate "2010.05.05"]

1. e4 c6 2. d4 d5 3. exd5 cxd5 4. c4 Nf6 5. Nc3 e6 6. Nf3 Bb4 7. cxd5 Nxd5
8. Qc2 Nc6 9. Bd3 h6 10. O-O O-O 11. a3 Bd6 12. Qe2 Bd7 13. Bc2 Nce7 14.
Qd3 f5 15. Re1 Rc8 16. Bd2 Rf6 17. Ne5 Bxe5 18. Rxe5 Bc6 19. Bb3 Qb6 20.
Nxd5 Bxd5 21. Bb4 Rg6 22. Bxe7 Bxb3 23. Bb4 Qc6 24. f3 Bd5 25. Kf2 Qc2+ 26.
Qe2 Rf6 1/2-1/2

[Event "40th Bosna Open"]
[Site "Sarajevo BIH"]
[Date "2010.05.12"]
[Round "8"]
[White "Lenic,L"]
[Black "Sebenik,M"]
[Result "1/2-1/2"]
[WhiteElo "2592"]
[BlackElo "2515"]
[EventDate "2010.05.05"]

1. e4 c5 2. Nf3 Nc6 3. d4 cxd4 4. Nxd4 Nf6 5. Nc3 e5 6. Ndb5 d6 7. Bg5 a6
8. Na3 b5 9. Nd5 Be7 10. Bxf6 Bxf6 11. c4 b4 12. Nc2 O-O 13. Be2 a5 14. O-O
Bg5 15. b3 Be6 16. Qd3 g6 17. Rfd1 Bxd5 18. Qxd5 Qb6 19. Qb5 Qc7 20. Qd5
Qb6 1/2-1/2

[Event "40th Bosna Open"]
[Site "Sarajevo BIH"]
[Date "2010.05.12"]
[Round "8"]
[White "Saric,Iv"]
[Black "Djukic,Ni"]
[Result "1/2-1/2"]
[WhiteElo "2580"]
[BlackElo "2495"]
[EventDate "2010.05.05"]

1. e4 c5 2. Nf3 Nc6 3. d4 cxd4 4. Nxd4 Nf6 5. Nc3 d6 6. Bg5 e6 7. Qd2 a6 8.
O-O-O Bd7 9. f4 h6 10. Bh4 Nxe4 11. Qe1 Nf6 12. Nf5 Qa5 13. Nxd6+ Bxd6 14.
Rxd6 Qc7 15. Rd2 O-O-O 16. Qf2 Ne7 17. Qa7 Bc6 18. Qa8+ Qb8 19. Qxb8+ Kxb8
20. Bd3 Rd7 21. Rhd1 Ng4 22. Re1 h5 23. h3 Nh6 24. Ne4 Nhf5 25. Bf2 h4 26.
Ng5 Nd5 27. Bxf5 exf5 28. Red1 Kc8 29. Rd4 Rhd8 30. R1d3 Bb5 31. c4 Nb4 32.
Rxd7 Bxd7 33. Rd2 Bc6 34. Rxd8+ Kxd8 35. Kd2 Bxg2 36. a3 Nc6 37. Nxf7+ Kd7
38. Ng5 Nd8 39. Bxh4 Ne6 40. Nxe6 Kxe6 41. Ke3 Bxh3 42. Kd4 Kd6 43. a4 Bg4
44. b4 Bd1 45. a5 Be2 1/2-1/2

[Event "40th Bosna Open"]
[Site "Sarajevo BIH"]
[Date "2010.05.12"]
[Round "8"]
[White "Martinovic,Sa"]
[Black "Godena,M"]
[Result "1/2-1/2"]
[WhiteElo "2515"]
[BlackElo "2554"]
[EventDate "2010.05.05"]

1. d4 d5 2. c4 dxc4 3. e4 Nc6 4. d5 Ne5 5. Qd4 Ng6 6. Nf3 e5 7. Qxc4 Bd6 8.
h4 h6 9. g3 Nf6 10. Bg2 Bd7 11. O-O c6 12. dxc6 Bxc6 13. Nc3 Qd7 14. Rd1 b5
15. Qf1 Rd8 16. Be3 Qb7 17. Rac1 O-O 18. Rxd6 Rxd6 19. Bc5 Rfd8 20. Bxd6
Rxd6 21. b4 Nxe4 22. h5 Nxc3 23. hxg6 Bxf3 24. Rxc3 Bxg2 25. gxf7+ Qxf7 26.
Kxg2 Rd2 27. Rd3 Qxa2 28. Rxd2 Qxd2 29. Qxb5 Qd4 30. Qe8+ Kh7 31. b5 Qd5+
32. Kg1 Qd1+ 33. Kg2 Qd5+ 34. Kg1 e4 35. Qc6 Qd4 36. Kg2 e3 37. Qc2+ g6 38.
fxe3 Qxe3 39. Qc7+ Kg8 40. Qd8+ Kf7 41. Qd7+ Qe7 42. Qd5+ Kg7 43. Qd4+ Kh7
44. Qd3 h5 45. Kh2 h4 46. gxh4 Qxh4+ 47. Kg2 Qg5+ 48. Kh2 Qh4+ 49. Kg2 Qg5+
50. Kh2 Qc5 51. Qd7+ Kh6 52. Qd2+ g5 53. Qd7 Qe3 54. Qh3+ Qxh3+ 55. Kxh3
Kg6 56. Kg4 Kf6 57. Kg3 Kf5 58. Kf3 Ke5 59. Kg4 Kd5 60. Kxg5 Kc5 61. Kf4
Kxb5 62. Ke3 Kc4 63. Kd2 Kb3 64. Kc1 a5 65. Kb1 1/2-1/2

[Event "40th Bosna Open"]
[Site "Sarajevo BIH"]
[Date "2010.05.12"]
[Round "8"]
[White "Nikcevic,N"]
[Black "Solak,D"]
[Result "1/2-1/2"]
[WhiteElo "2387"]
[BlackElo "2547"]
[EventDate "2010.05.05"]

1. d4 d5 2. Nf3 Nf6 3. c4 c6 4. e3 a6 5. Qc2 Bg4 6. Nbd2 e6 7. Bd3 Nbd7 8.
c5 g6 9. O-O Bg7 10. b4 O-O 11. Bb2 Bxf3 12. Nxf3 e5 13. dxe5 Ng4 14. e4
Ndxe5 15. Nxe5 Nxe5 16. Rad1 Qh4 17. exd5 cxd5 18. Bxe5 Bxe5 19. g3 Qxb4
20. Rb1 Qc3 21. Qxc3 Bxc3 22. Rfc1 d4 23. Rxb7 Rac8 24. Bxa6 1/2-1/2

[Event "40th Bosna Open"]
[Site "Sarajevo BIH"]
[Date "2010.05.12"]
[Round "8"]
[White "Lejlic,S"]
[Black "Svetushkin,D"]
[Result "0-1"]
[WhiteElo "2362"]
[BlackElo "2547"]
[EventDate "2010.05.05"]

1. d4 d5 2. Bg5 h6 3. Bh4 c6 4. Nf3 Qb6 5. b3 Bf5 6. e3 e6 7. Bd3 Bxd3 8.
Qxd3 Ne7 9. Nbd2 Nf5 10. Bg3 Nd7 11. Ne5 Nf6 12. c4 Be7 13. Rc1 Qa5 14. Rc2
O-O 15. Ke2 c5 16. b4 Qxb4 17. Rb1 dxc4 18. Rxc4 Qa5 19. Rxb7 Qa6 20. Qb3
cxd4 21. e4 d3+ 22. Nxd3 Nxg3+ 23. hxg3 Bd8 24. Ra4 Qc6 25. Qb5 Qxb5 26.
Rxb5 Bb6 27. f3 Rfd8 28. Nc4 Bd4 29. Nb4 Rac8 30. Nc2 Bc5 31. g4 Rc7 32.
N4e3 Bb6 33. Rb1 Rdc8 34. Na3 h5 35. g5 Nh7 36. Rb5 Bc5 37. Raa5 Nxg5 38.
Rb3 h4 39. Nb5 Bb6 40. Nxc7 Bxa5 41. Nb5 Bb6 42. Nd6 Rc1 43. f4 h3 44. gxh3
Nxh3 45. f5 Ng5 46. Nec4 Nxe4 47. fxe6 fxe6 48. a4 Nxd6 49. Nxd6 Ra1 50.
Rb4 Bc5 51. Rb8+ Kh7 52. Ne4 Be7 53. Re8 Rxa4 54. Kf3 Bf6 55. Rxe6 Kg6 56.
Rc6 Ra1 57. Nd2 a5 58. Ra6 a4 59. Nc4 Kh5 60. Ra5+ g5 61. Ra6 Be7 62. Ne5
a3 63. Ng4 Rf1+ 64. Kg2 Rb1 65. Ne3 Rb2+ 66. Kf3 a2 67. Nf5 Rb3+ 68. Kg2
Ra3 69. Ng3+ Kg4 70. Re6 Rxg3+ 0-1

[Event "40th Bosna Open"]
[Site "Sarajevo BIH"]
[Date "2010.05.12"]
[Round "8"]
[White "Inants,A"]
[Black "Panarin,M"]
[Result "1-0"]
[WhiteElo "2259"]
[BlackElo "2521"]
[EventDate "2010.05.05"]

1. e4 c5 2. Nf3 d6 3. d4 cxd4 4. Nxd4 Nf6 5. Nc3 a6 6. Bc4 e6 7. Bb3 b5 8.
Bg5 Be7 9. Qf3 Qc7 10. O-O-O Nbd7 11. Rhe1 Rb8 12. Qh3 Nc5 13. Qh4 b4 14.
Nb1 e5 15. Nf5 Bxf5 16. exf5 Nxb3+ 17. axb3 Rc8 18. Re2 a5 19. f4 O-O 20.
Rd3 Qc5 21. Rh3 h6 22. c3 bxc3 23. bxc3 Qb5 24. Rc2 Qf1+ 25. Kb2 Rb8 26.
Nd2 Rxb3+ 27. Nxb3 a4 28. Bxh6 Rb8 29. c4 Rxb3+ 30. Rxb3 axb3 31. Qf2 Qd3
32. Rd2 Qxc4 33. Qg3 Nh5 34. Qxb3 Qxb3+ 35. Kxb3 1-0